Tous les blasons des Hauts-de-Seine - Statistiques

Statistiques générales
  • Ce quiz a été pris 12 fois
  • Le résultat moyen est 24 sur 36
Statistiques - réponses
Par images Réponse % Correct
Boulogne-Billancourt
92%
Antony
83%
Colombes
83%
Gennevilliers
83%
Bois-Colombes
75%
Bourg-la-Reine
75%
Courbevoie
75%
Issy-les-Moulineaux
75%
Le Plessis-Robinson
75%
Levallois-Perret
75%
Meudon
75%
Nanterre
75%
Sceaux
75%
Asnières-sur-Seine
67%
Bagneux
67%
Châtenay-Malabry
67%
Châtillon
67%
Malakoff
67%
Neuilly-sur-Seine
67%
Rueil-Malmaison
67%
Saint-Cloud
67%
Sèvres
67%
Suresnes
67%
Chaville
58%
Clichy
58%
Fontenay-aux-Roses
58%
La Garenne-Colombes
58%
Puteaux
58%
Vanves
58%
Ville-d'Avray
58%
Clamart
50%
Marnes-la-Coquette
50%
Montrouge
50%
Vaucresson
50%
Villeneuve-la-Garenne
50%
Garches
42%
Aucun quiz correspondant
Distribution des résultats
% des personnes avec chaque résultat
Percentile par nombre de réponses
Votre historique - résultats
Vous n’avez pas pris ce quiz